000 00491nam a2200205Ia 4500
003 OSt
005 20250930152535.0
008 210210b2010 xxu||||| |||| 00| 0 eng d
020 _a9788191090734
040 _cAL
041 _aeng
082 _a346.065 RAMB
100 _aB S Raman
_9241083
245 _aBusiness law
_b: for MBA students
260 _aMangalore
_bUnited Publishers
_c2010
300 _a628p
690 _aBusiness Law
_9241089
906 _a065465
942 _2ddc
_cBK
999 _c142812
_d142812